Provinces of the Netherlands Quiz Stats

 Plays Quiz Updated May 30, 2018

Also try: Canadian Provinces
Challenge
Share
Tweet
Score 0/12 Timer 05:00
5 Plays Today
% Correct
North Holland
89.2%
South Holland
88.4%
Zeeland
82.9%
Utrecht
78.3%
Friesland
74.9%
Limburg
72.7%
Groningen
64.7%
North Brabant
64.2%
Flevoland
61.5%
Gelderland
60.7%
Drenthe
59.5%
Overijssel
48.6%

You're not logged in!

Compare scores with friends on all Sporcle quizzes.
OR
Log In

You Might Also Like...

Show Comments

Extras

Top Quizzes Today


Score Distribution

Your Account Isn't Verified!

In order to create a playlist on Sporcle, you need to verify the email address you used during registration. Go to your Sporcle Settings to finish the process.

Report this User

Report this user for behavior that violates our Community Guidelines.

Details: